| 000 | 01060nam a22003137a 4500 | ||
|---|---|---|---|
| 999 |
_c200458893 _d77105 |
||
| 001 | 200458893 | ||
| 003 | TR-AnTOB | ||
| 005 | 20231129125929.0 | ||
| 007 | ta | ||
| 008 | 210407s2022 tu a j 000 j tur u | ||
| 020 | _a9786257796040 | ||
| 040 |
_aTR-AnTOB _beng _erda _cTR-AnTOB |
||
| 041 | 0 | _atur | |
| 092 |
_a808.068 _bGÖKb 2022 |
||
| 100 | 1 |
_aGökalpsezer, Hale. _eauthor _eillustrator |
|
| 245 |
_aBir karga masalı / _cYazan ve Resimleyen: Hale Gökalpsezer. |
||
| 250 | _a2. baskı | ||
| 264 | 1 |
_aAnkara : _bMinik Parmak Çocuk Yayınları, _c2022. |
|
| 300 |
_a24 pages : _billustrations ; _c20 cm. |
||
| 336 |
_atext _btxt _2rdacontent. |
||
| 337 |
_aunmediated _bn _2rdamedia |
||
| 338 |
_avolume _bnc _2rdacarrier |
||
| 490 | 0 |
_aMinik Parmak Çocuk Yayınları : _v21. |
|
| 500 | _aKitabın arka kapağında yer alan karekod ile Bir Karga Masalı şarkısına erişilmektedir. | ||
| 653 |
_aÇocuk edebiyatı _aMasallar _aHayvanlar _aDoğa sevgisi _aMüzik |
||
| 942 |
_2ddc _cBK |
||